000 00361nam a2200133Ia 4500
008 220214s9999 xx 000 0 und d
245 0 _aIndian Potash Journal
260 _bIndian Potash Ltd
_aNew Delhi
310 _aQ
500 _aEnding Volume & Year: 8, 1983
500 _aMissing Volume: 4-5;7(3)
500 _aStarting Volume & Year: 3, 1978
942 _cBJ
999 _c9561
_d9561